| 000 | 00510nam a2200193Ia 4500 | ||
|---|---|---|---|
| 008 | 151119s9999||||xx |||||||||||||| ||und|| | ||
| 082 | _a598.2954 | ||
| 082 | _bGKKV26175 | ||
| 100 | _aआली सलीम | ||
| 245 | _aभारतीय पक्षी | ||
| 260 | _a-- | ||
| 260 | _b-- | ||
| 260 | _c0 | ||
| 600 | _aआली सलीम | ||
| 630 | _aभारतीय पक्षी | ||
| 700 | _aआली सलीम | ||
| 730 | _aभारतीय पक्षी | ||
| 942 | _cBOOK | ||
| 999 |
_c1078657 _d1078654 |
||